00505nam a22001817a 450000500170000001000280001702000230004503500170006803500130008503700210009808200080011910000130012724500520014026000350019227000560022730000280028350000120031120190821144950.0 a1819CHEN B-720272-292 a8188539597c595.00 aB-720272-292 aB-728637 bAkshar Malaadpl a608 aRadhika  aGreat inventions and discoveries /cby Radhika  aNew Delhi bAkshar Mala c2018 aA-47, Amar Colony, Lajpat NagarbNew Delhi e110024 a256p.:bill.c22cm(Hb)  aAirport